[Event "Kolomna rapid op"]
[Site "Kolomna"]
[Date "2018.02.16"]
[Round "6"]
[White "Shabanov, Danil"]
[Black "Paravyan, David"]
[Result "0-1"]
[WhiteElo "2239"]
[BlackElo "2603"]
[PlyCount "66"]
[EventDate "2018.02.16"]
[EventType "swiss (rapid)"]
[EventRounds "11"]
[EventCountry "RUS"]
[SourceTitle "CBM 183 Extra"]
[Source "ChessBase"]
[SourceDate "2018.04.19"]
[SourceVersion "1"]
[SourceVersionDate "2018.04.19"]
[SourceQuality "1"]

1. Nf3 Nf6 2. g3 c5 3. Bg2 Nc6 4. 0-0 e5 5. d3 d5 6. Nbd2 Be7 7. e4 0-0 8. Qe2 d4 9. Nc4 Nd7 10. a4 b6 11. Nfd2 a6 12. f4 Rb8 13. Nf3 f6 14. Nh4 b5 15. axb5 axb5 16. Nd2 g6 17. Ndf3 Nb6 18. Bd2 c4 19. Ba5 Nxa5 20. Rxa5 Na4 21. Ra7 Bc5 22. Rxa4 bxa4 23. fxe5 Rxb2 24. exf6 Qxf6 25. e5 cxd3 26. Qxd3 Qa6 27. Qe4 Bb7 28. Qg4 d3+ 29. Kh1 dxc2 30. e6 Qxf1+ 31. Bxf1 c1Q 32. Qc4 Qxc4 33. Bxc4 Rxf3 0-1